| 000 -ლიდერი |
| ფიქსირებული სიგრძის საკონტროლო ველი |
01655nam a2200289Ia 4500 |
| 001 - საკონტროლო ნომერი |
| საკონტროლო ველი |
19878 |
| 003 - საკონტროლო ნომრის იდენტიფიკატორი |
| საკონტროლო ველი |
GE_BSU |
| 005 - ბოლო ოპერაციის თარიღი და დრო |
| საკონტროლო ველი |
20200423215954.0 |
| 008 - ფიქსირებული სიგრძის მონაცემთა ელემენტები - ზოგადი ინფორმაცია |
| ფიქსირებული სიგრძის საკონტროლო ველი |
181216s1966||||ge |||||||||||||| ||geo|| |
| 040 ## - კატალოგიზაციის წყარო |
| Transcribing agency |
GE_BSU |
| 041 ## - ენის კოდი |
| Language code of text/sound track or separate title |
geo |
| 080 ## - უნივერსალური ათობითი კლასიფიკაციის ინდექსი |
| Universal Decimal Classification number |
81'374(038) = 353.1'38 = 161.1'38 გ 19 |
| 100 ## - მთავარი ჩანაწერი - პიროვნების სახელი |
| Personal name |
გამრეკელი , ნ. |
| 9 (RLIN) |
7967 |
| 245 ## - ცნობა სათაურის შესახებ |
| Title |
ქართულ - რუსული ფრაზეოლოგიური ლექსიკონი = Грузинско- Русский фразеологический словарь / |
| Statement of responsibility, etc |
ნ. გამრეკელი, ე. მგალობლიშვილი ; საზოგადოებრივი რედაქტორები : დ. მგელაძე, ი. ქავთარაძე. |
| 264 ## - წარმოების, გამოცემის, დისტრიბუციის და სხვა ცნობები |
| გამოცემის, წარმოების, დისტრიბუციის... ადგილი |
თბილისი : |
| გამოცემის, წარმოების, დისტრიბუციის... სახელწოდება |
საბჭოთა საქართველო, |
| გამოცემის, წარმოების, დისტრიბუციის... თარიღი |
1966. |
| 300 ## - ფიზიკური აღწერა |
| Extent |
640 გვ. ; |
| Dimensions |
22 სმ |
| 500 ## - ზოგადი შენიშვნა |
| General note |
საძიებელი : გვ. 581-634 |
| 504 ## - BIBLIOGRAPHY, ETC. NOTE |
| Bibliography, etc |
ბიბლიოგრ. : გვ. 635-637 |
| 546 ## - LANGUAGE NOTE |
| Language note |
პარალელური თავფურცელი რუსულ ენაზე |
| 653 ## - INDEX TERM--UNCONTROLLED |
| Uncontrolled term |
ენათმეცნიერება |
| 653 ## - INDEX TERM--UNCONTROLLED |
| Uncontrolled term |
ლექსიკონი |
| 653 ## - INDEX TERM--UNCONTROLLED |
| Uncontrolled term |
ქართულ - რუსული ფრაზეოლოგიური ლექსიკონი |
| 700 ## - ADDED ENTRY--PERSONAL NAME |
| Personal name |
მგალობლიშვილი, ე. |
| Relator term |
ავტორი |
| 9 (RLIN) |
7968 |
| 700 ## - ADDED ENTRY--PERSONAL NAME |
| Personal name |
მგელაძე , დ. |
| Relator term |
რედაქტორი |
| 9 (RLIN) |
7969 |
| 700 ## - ADDED ENTRY--PERSONAL NAME |
| Personal name |
ქავთარაძე, ი. |
| Relator term |
რედაქტორი |
| 9 (RLIN) |
7726 |
| 942 ## - ADDED ENTRY ELEMENTS (KOHA) |
| Koha item type |
წიგნი |
| Source of classification or shelving scheme |
|